00495nam a2200193 a 4500001001300000003000900013005001700022008004100039020000800080082001800088100002000106245002600126260003900152500003500191505001000226650002400236650002100260700002000281nice12345678IN_TiNIC20260116012607.0050524s1944 hyda grp 000 0 urd  ac200a954.8092bTAL aTale, Murad Ali aAsifjahs of Hyderabad aHyderabadbSabras Kitab Gharc1944 aincludes index and biblioraphy2 aIndex aBiography-Asif Jahs aNizams-Biography1 aTale, Murad Ali